Fundamentos de administración financiera
Gespeichert in:
| Hauptverfasser: | , |
|---|---|
| Format: | Buch |
| Sprache: | Spanisch |
| Veröffentlicht: |
Cuernavaca
Cengage Learning Editores S. A
2017
|
| Ausgabe: | 14a. ed |
| Schlagworte: | |
| Tags: |
Tag hinzufügen
Keine Tags, Fügen Sie den ersten Tag hinzu!
|
MARC
| LEADER | 00000cam a2200000 a 4500 | ||
|---|---|---|---|
| 001 | UCC4211 | ||
| 003 | CL-VaPUC | ||
| 008 | 180720e20170000mx |||||||||||||||||spa|d | ||
| 020 | |a 9786075225272 | ||
| 082 | 0 | 4 | |a 658.15 |b BES |2 21 |
| 100 | 0 | |a Besley, Scott |e author |9 598351 | |
| 700 | 0 | |a Brigham, Eugene F |e author |9 598352 | |
| 245 | 1 | 0 | |a Fundamentos de administración financiera |
| 250 | |a 14a. ed | ||
| 300 | |a 799 p | ||
| 942 | |c BK | ||
| 945 | |d 20180720 14:27:00 |a dcastane | ||
| 260 | |a Cuernavaca |b Cengage Learning Editores S. A |c 2017 | ||
| 650 | 0 | |a Administración de empresas |9 260833 | |
| 650 | 0 | |a Análisis financiero |9 264523 | |
| 650 | 0 | |a Ciencias administrativas |9 337994 | |
| 650 | 0 | |a Administración financiera |9 261146 | |
| 583 | |a last modification |c 20180720 14:27:00 |k Rodrigo Vera | ||
| 999 | |c 371764 |d 371762 | ||
| 952 | |0 0 |1 0 |3 erb |4 0 |6 658_150000000000000_BES_2017 |7 0 |8 A |9 488940 |a BIBGIM |b BIBGIM |i 5481619 |o 658.15 BES 2017 |p 5481619 |r 2025-01-15 |w 2019-11-24 |y BK |z Catalogado en:20180720 |k COM | ||
| 952 | |0 0 |1 0 |3 erb |4 0 |6 658_150000000000000_BES_2017 |7 0 |8 A |9 488941 |a BIBGIM |b BIBGIM |i 5481600 |o 658.15 BES 2017 |p 5481600 |r 2025-01-15 |w 2019-11-24 |y BK |z Catalogado en:20180720 |k COM | ||